[Event "ch-SWE"]
[Site "Orebro SWE"]
[Date "2000.07.09"]
[Round "7"]
[White "Vernersson,P"]
[Black "Barkhagen,J"]
[Result "1/2-1/2"]
[WhiteElo "2374"]
[BlackElo "2449"]
[Annotator ""]

1.d4 Nf6 2.c4 g6 3.Nc3 d5 4.Bf4 Bg7 5.e3 c5 6.dxc5 Qa5 7.Qb3
Bd7 8.Be5 dxc4 9.Bxc4 O-O 10.Nf3 Na6 11.Bxa6 Qxa6 12.Nd4 Rfc8
13.Qb4 Bf8 14.h3 Ne8 15.Nb3 f6 16.Bg3 e5 17.f4 b6 18.fxe5 bxc5
19.Qf4 fxe5 20.Qxe5 Bg7 21.Qe7 Bf5 22.Be5 Bf8 23.Qh4 Qd3 24.Qf4
Rd8 25.Rd1 Qa6 26.e4 Rxd1+ 27.Kxd1 Be6 28.Kc2 Rd8 29.Rd1 Rxd1
30.Kxd1 Be7 31.Kc2 Qc6 32.Nd2 Nd6 33.Bf6 Bf8 34.g4 Nb5 35.Nxb5
Qxb5 36.b3 c4 37.Bc3 cxb3+ 38.axb3 Be7 39.Qc7 Qc5 40.Qb8+ Bf8
41.b4 Qe7 42.Qe5 Kf7 43.Nf3 h6 44.Qf4+ Kg8 45.Ne5 g5 46.Qe3 Qb7
47.Nd3 Qb6 48.Bd4 Qc7+ 49.Bc3 Qb6 50.Qg3 Bd6 51.Qf3 Be7 52.Nc5
Bc4 53.Nd7 Qc6 54.Nc5 a5 55.Qf5 axb4 56.Bxb4 Bf7 57.Kc3 Qb5 58.Qc8+
Kg7 59.Nd3 Bxb4+ 60.Nxb4 Qe5+ 61.Kd3 Qg3+ 62.Kd2 Qf2+ 63.Kd3
Qg3+ 64.Kd2 Qh2+ 65.Kc3 Qe5+ 66.Kd3 Qb5+ 67.Kc3 Qa5 68.Qb7 Qa3+
69.Kd2 Qxh3 70.Nd3 Qh2+ 71.Kc3 Qd6 72.Qb5 Qc7+ 73.Qc5 Qxc5+ 74.Nxc5
h5 75.gxh5 Bxh5 76.Ne6+ 1/2-1/2

[Event "ch-SWE"]
[Site "Orebro SWE"]
[Date "2000.07.10"]
[Round "8"]
[White "Brynell,S"]
[Black "Vernersson,P"]
[Result "1/2-1/2"]
[WhiteElo "2484"]
[BlackElo "2374"]
[Annotator ""]

1.e4 c6 2.d4 d5 3.Nc3 dxe4 4.Nxe4 Nd7 5.Ng5 Ngf6 6.Bd3 e6 7.N1f3
Bd6 8.Qe2 h6 9.Ne4 Nxe4 10.Qxe4 Qc7 11.Qg4 Kf8 12.O-O b6 13.b3
Bb7 14.Bb2 Nf6 15.Qh4 c5 16.dxc5 bxc5 17.Bxf6 Bxf3 18.Bb2 Bd5
19.c4 Bb7 20.Rad1 Be7 21.Qh5 Bf6 22.Bxf6 gxf6 23.Be2 Rg8 24.Bf3
Bxf3 25.Qxf3 Kg7 26.Rd3 Rad8 27.Rfd1 Rxd3 28.Qxd3 a5 29.Qd6 Qxd6
30.Rxd6 a4 31.Kf1 Rb8 32.Rd3 axb3 33.axb3 Ra8 34.Ke2 f5 35.Rd2
Ra3 36.Rb2 Kf6 37.Kd3 Ra1 38.Rd2 Rh1 39.h3 Rg1 40.f4 Rf1 41.Ke3
Rb1 42.Rd3 Rb2 43.Kf3 Ke7 44.g4 Kf6 45.Kg3 fxg4 46.hxg4 Rb1 47.Re3
Ke7 48.Kf3 Rf1+ 49.Ke4 Rg1 50.Kf3 Kd6 51.Rd3+ Kc6 52.Rd8 Rf1+ 1/2-1/2

[Event "ch-SWE"]
[Site "Orebro SWE"]
[Date "2000.07.10"]
[Round "8"]
[White "Ernst,T"]
[Black "Rylander,D"]
[Result "1-0"]
[WhiteElo "2409"]
[BlackElo "2223"]
[Annotator ""]

1.e4 e6 2.d4 d5 3.Nc3 Nf6 4.Bg5 dxe4 5.Nxe4 Be7 6.Bxf6 gxf6 7.Nf3
b6 8.Bd3 Bb7 9.Qe2 Nd7 10.O-O-O c6 11.Kb1 Qc7 12.c4 O-O-O 13.d5
Ne5 14.Nxe5 Qxe5 15.dxe6 fxe6 16.g3 Kb8 17.f4 Qc7 18.Rhe1 h5
19.Nc3 Bc8 20.Be4 h4 21.Qf3 Bb7 22.Bc2 hxg3 23.hxg3 Rxd1+ 24.Bxd1
Qd7 25.Bc2 Rh2 26.Qe3 Bc5 27.Qxe6 Qd2 28.Qe4 f5 29.Qe5+ Bd6 30.Qe8+
Bc8 31.Rc1 Bc5 32.a3 Be3 33.Na2 Qe2 34.Qe5+ Kb7 35.Qe7+ Kb8 36.Nb4
Qf3 37.Nxc6+ Qxc6 38.Qxe3 Qg2 39.c5 Bb7 40.Qe5+ Kc8 41.Bxf5+ 1-0

[Event "ch-SWE"]
[Site "Orebro SWE"]
[Date "2000.07.10"]
[Round "8"]
[White "Wedberg,T"]
[Black "Akesson,R"]
[Result "1/2-1/2"]
[WhiteElo "2473"]
[BlackElo "2486"]
[Annotator ""]

1.e4 c5 2.Nf3 d6 3.d4 cxd4 4.Nxd4 Nf6 5.Nc3 a6 6.Be3 e6 7.f3
Nbd7 8.g4 h6 9.h4 b5 10.Rg1 Nb6 11.g5 Nfd7 12.Bd3 Bb7 13.f4 hxg5
14.hxg5 e5 15.Nf3 b4 16.Ne2 g6 17.Ng3 Qc7 18.fxe5 dxe5 19.Qe2
Bc5 20.O-O-O O-O-O 21.Rh1 Bxe3+ 22.Qxe3 Nc5 23.Kb1 Rxh1 24.Rxh1
Nca4 25.Nd2 Kb8 26.Ne2 Nc5 27.Nb3 Nbd7 28.Rf1 Nxb3 29.axb3 Nc5
30.Nc1 Rd4 31.Ne2 Rd7 32.Rh1 Nxd3 33.Rh8+ Bc8 34.cxd3 Qd6 35.Nc1
Rc7 36.Ne2 Kb7 37.d4 exd4 38.Nxd4 Qe5 39.Rd8 Re7 40.Ka2 Qxe4
41.Qd2 Qe1 42.Qg2+ Qe4 43.Qd2 Qe1 44.Qc2 Rc7 45.Qg2+ Ka7 46.Nc6+
Kb6 47.Rd6 Bb7 48.Nxb4+ Ka7 49.Nc6+ Bxc6 50.Rxc6 Qa5+ 51.Kb1
Qf5+ 52.Ka2 Qa5+ 53.Kb1 Qf5+ 54.Ka2 1/2-1/2

[Event "ch-SWE"]
[Site "Orebro SWE"]
[Date "2000.07.11"]
[Round "9"]
[White "Akesson,R"]
[Black "Ernst,T"]
[Result "0-1"]
[WhiteElo "2486"]
[BlackElo "2409"]
[Annotator ""]

1.d4 d5 2.c4 c6 3.Nc3 Nf6 4.e3 Bf5 5.cxd5 cxd5 6.Qb3 Bc8 7.Nf3
e6 8.Bb5+ Nc6 9.Ne5 Bd7 10.O-O Bd6 11.f4 O-O 12.Bd2 a6 13.Bd3
Na5 14.Qd1 Rc8 15.Be1 Be7 16.g4 Nc4 17.g5 Ne4 18.Nxc4 Nxc3 19.Bxc3
dxc4 20.Bxh7+ Kxh7 21.Qh5+ Kg8 22.Rf3 e5 23.dxe5 Bf5 24.e6 Qd5
25.exf7+ Qxf7 26.Qh4 Rc6 27.Re1 Bc5 28.Rg3 Qg6 0-1

[Event "ch-SWE"]
[Site "Orebro SWE"]
[Date "2000.07.11"]
[Round "9"]
[White "Barkhagen,J"]
[Black "Brynell,S"]
[Result "1/2-1/2"]
[WhiteElo "2449"]
[BlackElo "2484"]
[Annotator ""]

1.e4 e6 2.d4 d5 3.Nd2 c5 4.exd5 exd5 5.Ngf3 a6 6.dxc5 Bxc5 7.Bd3
Qe7+ 8.Qe2 Nc6 9.Nb3 Bb6 10.Bg5 f6 11.Be3 Bxe3 12.Qxe3 Qxe3+
13.fxe3 Nge7 14.Nbd4 Bg4 15.Kd2 Kd7 16.Rhf1 Rae8 17.Nxc6 Nxc6
18.Nd4 Nxd4 19.exd4 Bh5 20.Rf5 Bf7 21.Rf3 Bg6 22.Rg3 Re7 23.Re1
Bxd3 24.Rxe7+ Kxe7 25.Rxg7+ Kf8 26.Rxb7 Be4 27.g3 h5 28.b4 Rh6
29.Rb6 h4 30.Rxa6 hxg3 31.hxg3 Rh2+ 32.Ke3 Rxc2 33.Rxf6+ Ke7
34.Rf2 Rc3+ 35.Kf4 Rc4 36.Rb2 Kd6 37.b5 Kc7 38.Ke5 Kb6 39.g4
Rc8 40.a4 Rg8 41.a5+ Kxa5 42.b6 Rb8 43.b7 Ka6 44.Kd6 Rxb7 45.Rxb7
Kxb7 46.g5 Kb6 1/2-1/2

[Event "ch-SWE"]
[Site "Orebro SWE"]
[Date "2000.07.11"]
[Round "9"]
[White "Cramling,P"]
[Black "Hillarp Persson,T"]
[Result "1-0"]
[WhiteElo "2484"]
[BlackElo "2549"]
[Annotator ""]

1.d4 Nf6 2.c4 g6 3.Nc3 d5 4.Nf3 Bg7 5.Bg5 Ne4 6.cxd5 Nxg5 7.Nxg5
e6 8.Qd2 exd5 9.Qe3+ Kf8 10.g3 Nc6 11.Rd1 Nb4 12.Rd2 Bf5 13.Qf4
Qd7 14.g4 Bxg4 15.Nxf7 Qf5 16.Qxf5 Bxf5 17.Nxh8 Bxd4 18.Nxd5
Bc5 19.Bg2 c6 20.Nc3 Ke7 21.Na4 Bb6 22.a3 Nc2+ 23.Kd1 Na1 24.Nxb6
axb6 25.e4 Be6 26.Ke2 Nb3 27.Nxg6+ hxg6 28.Rdd1 b5 29.Ke3 Ra4
30.h4 Bf7 31.Bh3 Be8 32.Rd3 Na5 33.Rb1 Nc4+ 34.Kf4 c5 35.f3 b4
36.Bf1 bxa3 37.bxa3 Bc6 38.Rc3 Nxa3 39.Rbb3 1-0

[Event "ch-SWE"]
[Site "Orebro SWE"]
[Date "2000.07.11"]
[Round "9"]
[White "Gruvaeus,C"]
[Black "Hector,J"]
[Result "0-1"]
[WhiteElo "2245"]
[BlackElo "2509"]
[Annotator ""]

1.d4 d5 2.Nf3 Nf6 3.g3 Bf5 4.Bg2 e6 5.O-O h6 6.c4 c6 7.Nc3 Be7
8.Bf4 O-O 9.Ne5 Ne8 10.Qb3 Qb6 11.e4 dxe4 12.Qxb6 axb6 13.Nxe4
g5 14.Bd2 f6 15.Nd3 Nd6 16.Rfe1 Nxc4 17.Bc3 Na6 18.Bf3 Rad8 19.g4
Bg6 20.Bd1 Nd6 21.Nxd6 Bxd6 22.Nc1 Nc7 23.Bb3 Rde8 24.Ne2 h5
25.h3 hxg4 26.hxg4 Kf7 27.Kg2 Rh8 28.Rh1 Nd5 29.Bd2 Rd8 30.a3
Bb8 31.Rae1 b5 32.Ba5 Rde8 33.Bc3 Be4+ 34.f3 Bd3 35.Bxd5 cxd5
36.Ng3 Rc8 37.Rxh8 Rxh8 38.Rd1 Bg6 39.Bb4 Rc8 40.Bc5 b6 41.Bb4
Bf4 42.Bc3 Bc2 43.Re1 Re8 44.Nh5 Bb8 45.Ng3 e5 46.dxe5 fxe5 47.Rc1
Bd3 48.Bd2 Rg8 49.Rc6 Rg6 50.Rc8 Bd6 51.Be3 d4 52.Bd2 Ke6 53.Rc6
Kd5 54.Rxb6 Be7 55.Rb7 Rc6 56.Kf2 Bd6 57.Nf5 Rc2 58.Ke1 Rxb2
59.Nxd6 Kxd6 60.Rg7 Rb1+ 61.Kf2 Rf1+ 62.Kg2 Be2 63.Rg6+ Kd5 64.Rf6
Ra1 65.Kf2 Bd3 66.Bb4 Ra2+ 67.Kg1 Bb1 68.Rd6+ Kc4 69.Rc6+ Kd3
70.Bd6 e4 71.fxe4 Ke3 72.Be7 Bxe4 73.Bxg5+ Kf3 74.Rf6+ Kxg4 75.Rf4+
Kg3 76.Kf1 Bf3 77.Ke1 Re2+ 78.Kf1 d3 79.Rd4 Bg2+ 80.Kg1 Re1# 0-1

[Event "ch-SWE"]
[Site "Orebro SWE"]
[Date "2000.07.11"]
[Round "9"]
[White "Ingbrandt,J"]
[Black "Hellsten,J"]
[Result "1/2-1/2"]
[WhiteElo "2402"]
[BlackElo "2470"]
[Annotator ""]

1.d4 Nf6 2.Nf3 e6 3.Bg5 c5 4.c3 d5 5.e3 Be7 6.Nbd2 Nbd7 7.Bd3
b6 8.O-O Bb7 9.Qb1 a6 10.b4 cxb4 11.cxb4 Rc8 12.a3 O-O 13.Ra2
h6 14.Bh4 Bd6 15.Bg3 Bxg3 16.hxg3 Rc3 17.Rc1 Ne4 18.Be2 Ndf6
19.Rac2 Rxc2 20.Rxc2 Nxd2 21.Nxd2 Qa8 22.Qc1 a5 23.b5 Rc8 24.Bd3
Rxc2 25.Qxc2 Qd8 26.Nb1 1/2-1/2

[Event "ch-SWE"]
[Site "Orebro SWE"]
[Date "2000.07.11"]
[Round "9"]
[White "Vernersson,P"]
[Black "Wedberg,T"]
[Result "1-0"]
[WhiteElo "2374"]
[BlackElo "2473"]
[Annotator ""]

1.Nf3 c5 2.e4 d6 3.d4 cxd4 4.Nxd4 Nf6 5.Nc3 g6 6.Be3 Bg7 7.f3
Nc6 8.Qd2 h5 9.O-O-O Bd7 10.Bc4 Rc8 11.Bb3 Ne5 12.Kb1 Qa5 13.Rhe1
Nc4 14.Bxc4 Rxc4 15.Nb3 Qc7 16.Bd4 Be6 17.e5 dxe5 18.Bxe5 Qc8
19.Na5 Rb4 20.Nd5 Nxd5 21.Bxg7 Rh7 22.Bd4 Qc7 23.Nb3 b6 24.a3
Rc4 25.Be5 Qb7 26.Nd4 Bd7 27.Ne2 e6 28.b3 Rc8 29.c4 Ne7 30.Nc3
Bc6 31.Bf6 h4 32.Ne4 Bxe4+ 33.Rxe4 Nc6 34.Rxh4 Rxh4 35.Bxh4 Qc7
36.Bf6 e5 37.Qg5 a5 38.Rd5 a4 39.Qh6 1-0

[Event "ch-SWE"]
[Site "Orebro SWE"]
[Date "2000.07.12"]
[Round "10"]
[White "Agrest,E"]
[Black "Akesson,R"]
[Result "1/2-1/2"]
[WhiteElo "2554"]
[BlackElo "2486"]
[Annotator ""]

1.d4 Nf6 2.c4 e6 3.Nc3 Bb4 4.Qc2 c5 5.dxc5 O-O 6.a3 Bxc5 7.Nf3
Nc6 8.Bg5 b6 9.e3 Be7 10.Be2 Bb7 11.O-O Rc8 12.Rfd1 h6 13.Bh4
Na5 14.Ne5 d6 15.b4 Nc6 16.Nf3 Nh5 17.Bxe7 Qxe7 18.Rd2 Nf6 19.Rad1
Rfd8 20.Qb3 a6 21.h3 Qc7 22.Rc2 Ne7 23.Rcc1 Qb8 1/2-1/2

[Event "ch-SWE"]
[Site "Orebro SWE"]
[Date "2000.07.12"]
[Round "10"]
[White "Cramling,P"]
[Black "Gruvaeus,C"]
[Result "1-0"]
[WhiteElo "2484"]
[BlackElo "2245"]
[Annotator ""]

1.d4 Nf6 2.c4 e6 3.Nc3 Bb4 4.Qc2 O-O 5.a3 Bxc3+ 6.Qxc3 d5 7.Nf3
Ne4 8.Qc2 b6 9.g3 Bb7 10.Bg2 Nd7 11.O-O Rc8 12.cxd5 exd5 13.Bf4
Re8 14.Rad1 Nf8 15.Ne5 Ne6 16.Be3 Qd6 17.Nd3 Re7 18.Rc1 h5 19.f3
Nf6 20.b4 Nd7 21.Qb2 g6 22.Rfe1 f6 23.b5 c5 24.bxc6 Rxc6 25.Rxc6
Bxc6 26.Rc1 Bb7 27.Qb4 Qxb4 28.axb4 Ba6 29.f4 Bc4 30.Nb2 Bxe2
31.Bxd5 Bb5 32.Rc7 a6 33.Kf2 Kg7 34.Ra7 Nd8 35.Nd1 Nc6 36.Bxc6
Bxc6 37.Nc3 Bh1 38.d5 Rf7 39.Rxa6 g5 40.Ra1 1-0

[Event "ch-SWE"]
[Site "Orebro SWE"]
[Date "2000.07.12"]
[Round "10"]
[White "Ernst,T"]
[Black "Vernersson,P"]
[Result "1/2-1/2"]
[WhiteElo "2409"]
[BlackElo "2374"]
[Annotator ""]

1.d4 d5 2.c4 e6 3.Nc3 Be7 4.Nf3 Nf6 5.Bg5 O-O 6.e3 Nbd7 7.Rc1
a6 8.c5 c6 9.Bd3 b6 10.cxb6 c5 11.O-O c4 12.Bc2 Qxb6 13.Rb1 Qc7
14.Bf4 Bd6 15.Bxd6 Qxd6 16.b3 cxb3 17.Bxb3 Bb7 18.Qd3 Rfc8 19.Rfc1
Rc7 20.Rc2 Rac8 21.Rbc1 Ne4 22.Nd2 Nxd2 23.Qxd2 Qb4 24.h3 a5
25.Nb1 Rxc2 26.Rxc2 Rxc2 27.Bxc2 Ba6 28.a3 Qc4 29.Nc3 g6 30.Na4
Kg7 31.Kh2 Bb5 32.Nc3 Qc7+ 33.Kg1 Ba6 34.e4 dxe4 35.Nxe4 Qc4
36.Nd6 Qd5 37.Ne8+ Kf8 38.Nc7 Qc4 39.Qxa5 Qxc2 40.Nxa6 Qc1+ 41.Kh2
Qf4+ 42.Kg1 1/2-1/2

[Event "ch-SWE"]
[Site "Orebro SWE"]
[Date "2000.07.12"]
[Round "10"]
[White "Hellsten,J"]
[Black "Rylander,D"]
[Result "1/2-1/2"]
[WhiteElo "2470"]
[BlackElo "2223"]
[Annotator ""]

1.d4 f5 2.c4 g6 3.Nf3 Nf6 4.g3 Bg7 5.Bg2 d6 6.Nc3 O-O 7.O-O Nc6
8.d5 Ne5 9.Qb3 Nfd7 10.Nxe5 Nxe5 11.h3 a6 12.Be3 Qe8 13.a4 h6
14.f4 Nd7 15.Qc2 Nf6 16.Qd2 Bd7 17.a5 Qf7 18.Ra3 Rae8 19.b4 Kh7
20.b5 e5 21.dxe6 Qxe6 22.Nd5 Ne4 23.Bxe4 Qxe4 1/2-1/2

[Event "ch-SWE"]
[Site "Orebro SWE"]
[Date "2000.07.12"]
[Round "10"]
[White "Wedberg,T"]
[Black "Barkhagen,J"]
[Result "1-0"]
[WhiteElo "2473"]
[BlackElo "2449"]
[Annotator ""]

1.e4 e5 2.Nf3 Nc6 3.Bb5 a6 4.Ba4 Nf6 5.O-O Be7 6.Re1 b5 7.Bb3
d6 8.c3 O-O 9.h3 Nd7 10.d4 Bf6 11.a4 Bb7 12.d5 Ne7 13.axb5 axb5
14.Rxa8 Qxa8 15.Na3 Ba6 16.Be3 Nc5 17.Bc2 c6 18.Nxe5 Bxe5 19.f4
Nxd5 20.exd5 Bf6 21.Bxc5 dxc5 22.d6 Re8 23.d7 Rxe1+ 24.Qxe1 Kf8
25.Qe3 Be7 26.Qe4 Bf6 27.g4 h6 28.Qf5 c4 29.g5 hxg5 30.fxg5 Bd8
31.Be4 Qb8 32.g6 Bf6 33.Bxc6 Qb6+ 34.Kf1 fxg6 35.Qe6 Be7 36.Qxg6 1-0

[Event "ch-SWE"]
[Site "Orebro SWE"]
[Date "2000.07.13"]
[Round "11"]
[White "Akesson,R"]
[Black "Hellsten,J"]
[Result "0-1"]
[WhiteElo "2486"]
[BlackElo "2470"]
[Annotator ""]

1.Nf3 Nf6 2.c4 e6 3.Nc3 b6 4.g3 Bb7 5.Bg2 Be7 6.O-O O-O 7.Re1
Ne4 8.Nxe4 Bxe4 9.d3 Bb7 10.e4 c5 11.d4 cxd4 12.Nxd4 a6 13.Qg4
Re8 14.h4 Nc6 15.Nf3 d6 16.h5 Bf6 17.Be3 Rb8 18.Rad1 Qe7 19.Rd2
Bc8 20.Nh2 Na5 21.Qe2 b5 22.cxb5 axb5 23.Ng4 Nc4 24.Rc2 Nxe3
25.Qxe3 e5 26.Nxf6+ Qxf6 27.Rec1 h6 28.Bf1 Be6 29.Rc6 Qe7 30.a3
Red8 31.Rb6 Qa7 32.Rcc6 d5 33.Rxb8 Qxb8 34.Rb6 Qc7 35.Rxb5 d4
36.Qd2 Rc8 37.Bd3 Bg4 38.b4 Bf3 39.Rc5 Qd7 40.Qc1 Rxc5 0-1

[Event "ch-SWE"]
[Site "Orebro SWE"]
[Date "2000.07.13"]
[Round "11"]
[White "Brynell,S"]
[Black "Wedberg,T"]
[Result "1/2-1/2"]
[WhiteElo "2484"]
[BlackElo "2473"]
[Annotator ""]

1.e4 e5 2.Nf3 Nc6 3.Bb5 Nf6 4.O-O Nxe4 5.d4 a6 6.Bd3 d5 7.Nxe5
Nxe5 8.dxe5 Nc5 9.Nc3 Be6 10.f4 Nxd3 11.Qxd3 Bc5+ 12.Kh1 g6 13.Rd1
Qh4 14.Be3 Bf5 15.Qd2 d4 16.Bxd4 O-O-O 17.Qe3 Rxd4 18.Rxd4 Bxd4
19.Qxd4 Rd8 20.Qe3 Bxc2 21.Rc1 Bf5 22.Ne4 Bxe4 23.Qxe4 Qf2 24.Qc4
Rd7 25.b4 Qd4 26.h3 Qxc4 27.Rxc4 Rd1+ 28.Kh2 Kd7 29.a4 b5 30.axb5
axb5 31.Re4 Ke6 32.Kg3 Rd3+ 33.Kg4 h5+ 34.Kh4 Rc3 35.Re2 Rc4
36.Kg5 Rxb4 37.g4 hxg4 38.hxg4 Rc4 39.f5+ gxf5 40.gxf5+ Ke7 41.Ra2
Ra4 42.Rc2 Ra7 43.e6 b4 44.exf7 Kxf7 45.Kf4 Kf6 46.Ke4 b3 47.Rb2
Rb7 48.Rb1 b2 49.Kd3 Kxf5 50.Kc2 Ke4 51.Re1+ Kd4 52.Kb1 Rb4 53.Rh1
Kc5 54.Rh8 c6 55.Rg8 Kc4 56.Rg6 Kb5 57.Rh6 Kb6 58.Rh5 Rb5 59.Rh6
Rb3 60.Rh8 Rb5 61.Rh6 Kc5 62.Rg6 Rb4 63.Rh6 Kb5 64.Rg6 c5 65.Rg5
Kc4 66.Rh5 Rb5 67.Rh4+ Kb3 68.Rh3+ Ka4 69.Rh4+ Ka5 70.Rh5 Ka4
71.Rh4+ Ka3 72.Rh3+ Rb3 73.Rxb3+ Kxb3 1/2-1/2

[Event "ch-SWE"]
[Site "Orebro SWE"]
[Date "2000.07.13"]
[Round "11"]
[White "Gruvaeus,C"]
[Black "Hillarp Persson,T"]
[Result "0-1"]
[WhiteElo "2245"]
[BlackElo "2549"]
[Annotator ""]

1.d4 g6 2.e4 Bg7 3.Nf3 d6 4.Nc3 a6 5.a4 b6 6.Bc4 e6 7.Bg5 Ne7
8.O-O h6 9.Be3 O-O 10.Re1 Nd7 11.Qe2 Bb7 12.Rad1 Kh7 13.Bc1 Re8
14.h3 d5 15.Bb3 c6 16.Nh2 c5 17.exd5 exd5 18.dxc5 Nxc5 19.Qf3
Nxb3 20.cxb3 Nf5 21.g4 Rxe1+ 22.Rxe1 Nd6 23.Nxd5 Rc8 24.Be3 f5
25.gxf5 gxf5 26.Rd1 Qg8 27.Kf1 Qf7 28.Qf4 Bxd5 29.Qxd6 Bxb3 30.Rd2
Bxa4 31.Nf3 Rc6 32.Qd5 Bb5+ 33.Kg2 Rg6+ 34.Kh2 Qc7+ 35.Kh1 Qc8
36.Kh2 Bc6 37.Qc4 Bxf3 38.Qxc8 Be5+ 0-1

[Event "ch-SWE"]
[Site "Orebro SWE"]
[Date "2000.07.13"]
[Round "11"]
[White "Ingbrandt,J"]
[Black "Cramling,P"]
[Result "0-1"]
[WhiteElo "2402"]
[BlackElo "2484"]
[Annotator ""]

1.d4 Nf6 2.Nf3 g6 3.Bg5 Bg7 4.Nbd2 d5 5.e3 O-O 6.Be2 c5 7.c3
Ne4 8.Nxe4 dxe4 9.Nd2 cxd4 10.cxd4 h6 11.Bh4 f5 12.Bg3 Nc6 13.O-O
Be6 14.Qa4 Bd5 15.Rac1 e6 16.Bb5 g5 17.f4 exf3 18.Nxf3 f4 19.exf4
Bxf3 20.Rxf3 Nxd4 21.Rd3 Qb6 22.Bf2 Rxf4 0-1

[Event "ch-SWE"]
[Site "Orebro SWE"]
[Date "2000.07.13"]
[Round "11"]
[White "Rylander,D"]
[Black "Hector,J"]
[Result "1/2-1/2"]
[WhiteElo "2223"]
[BlackElo "2509"]
[Annotator ""]

1.d4 d5 2.c4 c6 3.Nf3 Nf6 4.Nc3 dxc4 5.a4 Bf5 6.Nh4 Bg6 7.Nxg6
hxg6 8.e3 e6 9.Bxc4 Nbd7 10.a5 Qc7 11.Qb3 Be7 12.e4 Rxh2 13.Rxh2
Qxh2 14.Qxb7 Rb8 15.Qxc6 Ng4 16.Bf1 Qh4 17.Nd1 Bb4+ 18.Ke2 Qh5
19.f3 Qh4 20.Kd3 Nf2+ 21.Nxf2 Qxf2 22.Be2 Be7 23.Ra4 e5 24.d5
Bc5 25.Rc4 Ke7 26.Bg5+ f6 27.Qe6+ Kf8 28.d6 Rxb2 29.Bd2 Qg1 30.Qe7+
Kg8 31.Qe6+ Kh8 32.Qh3+ Kg8 1/2-1/2

[Event "ch-SWE"]
[Site "Orebro SWE"]
[Date "2000.07.13"]
[Round "11"]
[White "Vernersson,P"]
[Black "Agrest,E"]
[Result "0-1"]
[WhiteElo "2374"]
[BlackElo "2554"]
[Annotator ""]

1.d4 f5 2.e4 fxe4 3.Nc3 Nf6 4.Bg5 Nc6 5.d5 Ne5 6.Qd4 Nf7 7.Bxf6
exf6 8.Nxe4 Be7 9.O-O-O O-O 10.f4 d6 11.Ng3 Nh6 12.h3 Bd7 13.Nf3
c5 14.dxc6 bxc6 15.Bc4+ Nf7 16.Bd3 d5 17.Nf5 Re8 18.Nxe7+ Qxe7
19.Rhe1 Qd6 20.Rxe8+ Rxe8 21.c4 a5 22.cxd5 cxd5 23.Bc2 Bc6 24.Qd2
Qc7 25.Kb1 Ba8 26.Bb3 Rc8 27.Nd4 Qb6 28.Nf5 Qe6 29.g4 Rd8 30.Re1
Qb6 31.Ne7+ Kf8 32.Nxd5 Qc5 33.Rd1 a4 34.Nc7 Qxc7 35.Qb4+ Qe7
36.Qxe7+ Kxe7 37.Re1+ Kf8 38.Bxa4 Bg2 39.h4 g6 40.Bb5 Nd6 41.Bd3
Bf3 42.h5 gxh5 43.gxh5 Bxh5 44.b4 Be8 45.Bxh7 Nc4 46.Kc2 Ra8
47.Kc3 Bf7 48.Re2 Nd6 49.Bd3 Rxa2 50.Rxa2 Bxa2 51.Kd4 Ke7 52.Kc5
Kd7 53.b5 Nb7+ 54.Kb6 Bd5 55.Bf5+ Kd6 56.Ka7 Kc5 57.b6 Nd6 58.Bd7
Bc6 59.Bg4 Kb5 60.Be2+ Ka5 61.Bf1 Be4 62.f5 Bd5 63.Be2 Bg2 64.Bd3
Bf3 65.Bf1 Be4 66.Be2 Nb5+ 67.Kb8 Kxb6 68.Kc8 Nd4 69.Kd7 Bxf5+
70.Ke7 Nxe2 71.Kxf6 Nd4 72.Ke5 Kc5 73.Kf4 Kd5 74.Ke3 Ne6 75.Kf3
Kd4 76.Kg3 Bg6 0-1

[Event "ch-SWE"]
[Site "Orebro SWE"]
[Date "2000.07.14"]
[Round "12"]
[White "Cramling,P"]
[Black "Rylander,D"]
[Result "1/2-1/2"]
[WhiteElo "2484"]
[BlackElo "2223"]
[Annotator ""]

1.d4 d5 2.Nf3 Nf6 3.c4 c6 4.e3 e6 5.Nbd2 Nbd7 6.b3 Bd6 7.Bb2
O-O 8.Bd3 Qe7 9.Ne5 Ba3 10.Bxa3 Qxa3 11.O-O Nxe5 12.dxe5 Nd7
13.f4 Qc5 14.Rf3 f5 15.Rc1 Qe7 16.cxd5 exd5 17.Qc2 Nb6 18.Rh3
g6 19.Nf3 Rf7 20.Ng5 Rg7 21.Rh6 Nd7 22.Qc3 Nf8 23.Nf3 Ne6 24.Nd4
c5 25.Nb5 b6 26.Nd6 Kh8 27.Qd2 Nd8 28.Nxc8 Rxc8 29.Ba6 Rc7 30.Qxd5
Rd7 31.Qf3 Rd2 32.a4 Ne6 33.Bc4 Rg8 34.Qh3 Rg7 35.Qf3 Rg8 36.Qh3
Rg7 37.Qh4 Qxh4 38.Rxh4 g5 39.Rh3 gxf4 40.Bxe6 Rgxg2+ 41.Kh1
fxe3 42.Rxe3 Rxh2+ 43.Kg1 f4 44.Rh3 Rdg2+ 45.Kf1 1/2-1/2

[Event "ch-SWE"]
[Site "Orebro SWE"]
[Date "2000.07.14"]
[Round "12"]
[White "Ernst,T"]
[Black "Brynell,S"]
[Result "1/2-1/2"]
[WhiteElo "2409"]
[BlackElo "2484"]
[Annotator ""]

1.d4 Nf6 2.c4 e6 3.Nc3 Bb4 4.e3 c5 5.Nf3 d5 6.Bd3 O-O 7.O-O cxd4
8.exd4 dxc4 9.Bxc4 b6 10.Bg5 Bb7 11.Qe2 Nbd7 12.Rac1 Rc8 13.Bb3
Bxc3 14.bxc3 Qc7 15.Bh4 Rfe8 16.Rfe1 Qc6 17.Bc2 b5 18.Bd3 a6
19.Qd2 Qd5 20.Bg3 Nb6 21.Be5 Nc4 22.Qc2 Kh8 23.Bxf6 gxf6 24.Be4
Qd7 25.Nd2 Rg8 26.Bxb7 Qxb7 27.Qe4 Qxe4 28.Nxe4 f5 29.Nc5 Rc6
30.Kf1 Rd8 31.Ke2 Kg7 32.a4 b4 33.cxb4 Rxd4 34.Red1 Rxd1 35.Kxd1
Nb6 36.Nxa6 Rd6+ 37.Kc2 Nxa4 38.b5 Kf6 39.Kb3 Nb6 40.Rc2 Ke5
41.Nb4 Rd1 42.Rc6 Rb1+ 43.Kc2 Rxb4 44.Rxb6 f4 45.Kc3 Rb1 46.Rb7
Ke4 47.Rxf7 Rxb5 48.Rxh7 1/2-1/2

[Event "ch-SWE"]
[Site "Orebro SWE"]
[Date "2000.07.14"]
[Round "12"]
[White "Gruvaeus,C"]
[Black "Ingbrandt,J"]
[Result "1/2-1/2"]
[WhiteElo "2245"]
[BlackElo "2402"]
[Annotator ""]

1.d4 Nf6 2.c4 c5 3.d5 b5 4.cxb5 a6 5.bxa6 g6 6.Nc3 Bxa6 7.f4
Bg7 8.Nf3 Qb6 9.e4 Bxf1 10.Rxf1 d6 11.Qe2 O-O 12.e5 dxe5 13.fxe5
Nfd7 14.Rf2 Na6 15.Bf4 Nb4 16.Kf1 Qa6 17.Qxa6 Rxa6 18.Re2 Nb6
19.Rd1 Nxa2 20.Nb5 Nb4 21.Nc7 Ra7 22.d6 e6 23.Be3 Nd7 24.Bd2
Nd5 25.Nxd5 exd5 26.Bg5 d4 27.Be7 Rb8 28.Rdd2 Rab7 1/2-1/2

[Event "ch-SWE"]
[Site "Orebro SWE"]
[Date "2000.07.14"]
[Round "12"]
[White "Hector,J"]
[Black "Akesson,R"]
[Result "1-0"]
[WhiteElo "2509"]
[BlackElo "2486"]
[Annotator ""]

1.e4 c5 2.Nf3 d6 3.d4 cxd4 4.Nxd4 Nf6 5.Nc3 a6 6.Bg5 e6 7.f4
Qb6 8.Bxf6 gxf6 9.Be2 Rg8 10.Qd3 Nc6 11.Nb3 Rxg2 12.Qf3 Rg1+
13.Rxg1 Qxg1+ 14.Kd2 Qa7 15.Qh5 b5 16.Bd3 Qf2+ 17.Ne2 Bb7 18.Qxh7
Nb4 19.Qh3 Nxd3 20.cxd3 d5 21.Rf1 Qb6 22.e5 d4 23.Qh4 Bd5 24.Nbxd4
fxe5 25.fxe5 Rd8 26.Qf6 Rd7 27.Rg1 Qd8 28.Qf4 Qa5+ 29.Ke3 Qxa2
30.h4 Qxb2 31.h5 Qa3 32.h6 f5 33.exf6 Qd6 34.Qxd6 Bxd6 35.Rg8+
Bf8 36.Nf4 Rh7 37.Nxd5 exd5 38.Nf5 Kf7 39.Rg7+ Bxg7 40.fxg7 a5
41.Ne7 1-0

[Event "ch-SWE"]
[Site "Orebro SWE"]
[Date "2000.07.14"]
[Round "12"]
[White "Hellsten,J"]
[Black "Vernersson,P"]
[Result "1/2-1/2"]
[WhiteElo "2470"]
[BlackElo "2374"]
[Annotator ""]

1.d4 d5 2.Nf3 Nf6 3.c4 e6 4.Nc3 c5 5.cxd5 Nxd5 6.e3 Nc6 7.Bd3
Be7 8.O-O O-O 9.a3 cxd4 10.exd4 Nxc3 11.bxc3 b6 12.Qe2 Bb7 13.Bb2
Bf6 14.Rad1 Qc7 15.c4 Qf4 16.Qe3 Qxe3 17.fxe3 Rac8 18.Bc3 Be7
19.Ra1 Ba6 20.Rfc1 Rc7 21.Kf2 f5 22.Ke2 g6 23.Be1 e5 24.Nxe5
Nxe5 25.dxe5 Rfc8 26.Bb4 Kf7 27.Bd6 Bxd6 28.exd6 Rc5 29.Ra2 Ke6
30.Rd2 Rd8 31.e4 fxe4 32.Bxe4 Rxd6 33.Rxd6+ Kxd6 34.Kd3 b5 35.Kd4
bxc4 36.h4 Ra5 37.Rc3 Ke6 38.g4 Kf6 39.g5+ Ke6 40.Rf3 Ke7 41.Rf6
Rxa3 42.h5 gxh5 43.Rh6 c3 44.Rxh7+ Ke6 45.Bc2 Bb5 46.Rh6+ Kf7
47.Rxh5 Kg8 48.g6 Ba4 49.Ra5 Bxc2 50.Rxa3 Bxg6 51.Kxc3 Kg7 52.Ra6
Bb1 53.Kd4 Bc2 54.Ke5 Bd3 55.Rxa7+ Kg8 56.Kf6 Bc2 57.Kg5 Bd3
58.Kh6 Bc2 59.Rg7+ Kf8 60.Rg3 Bb1 1/2-1/2

[Event "ch-SWE"]
[Site "Orebro SWE"]
[Date "2000.07.14"]
[Round "12"]
[White "Hillarp Persson,T"]
[Black "Wedberg,T"]
[Result "0-1"]
[WhiteElo "2549"]
[BlackElo "2473"]
[Annotator ""]

1.d4 Nf6 2.c4 e6 3.Nc3 Bb4 4.Qc2 O-O 5.e4 d5 6.e5 Ne4 7.Bd3 c5
8.cxd5 exd5 9.Nge2 cxd4 10.Nxd4 Nd7 11.f4 Ndc5 12.O-O Bxc3 13.bxc3
Nxd3 14.Qxd3 Re8 15.Ba3 b6 16.Rae1 Qd7 17.Rxe4 dxe4 18.Qxe4 Bb7
19.Qe3 Qd5 20.Rf2 Rac8 21.Qg3 Qe4 22.Re2 Qb1+ 23.Re1 Qxa2 24.Nf5
g6 25.Nh6+ Kg7 26.Nf5+ Kh8 27.Be7 Rxe7 28.Nxe7 Re8 29.Qg5 Rxe7
30.Rd1 Re8 31.Rd8 Bc6 32.f5 Qb1+ 33.Kf2 Qxf5+ 0-1

[Event "ch-SWE"]
[Site "Orebro SWE"]
[Date "2000.07.15"]
[Round "13"]
[White "Akesson,R"]
[Black "Cramling,P"]
[Result "1/2-1/2"]
[WhiteElo "2486"]
[BlackElo "2484"]
[Annotator ""]

1.d4 Nf6 2.c4 c5 3.d5 b5 4.cxb5 a6 5.bxa6 g6 6.Nc3 Bxa6 7.e4
Bxf1 8.Kxf1 d6 9.g3 Bg7 10.Kg2 O-O 11.Nf3 Nbd7 12.Re1 Ra6 13.h3 1/2-1/2

[Event "ch-SWE"]
[Site "Orebro SWE"]
[Date "2000.07.15"]
[Round "13"]
[White "Brynell,S"]
[Black "Agrest,E"]
[Result "0-1"]
[WhiteElo "2484"]
[BlackElo "2554"]
[Annotator ""]

1.e4 d6 2.d4 g6 3.Nf3 Bg7 4.Be2 Nf6 5.Nc3 O-O 6.O-O e6 7.h3 Nc6
8.Re1 b6 9.Bf4 Bb7 10.d5 exd5 11.exd5 Ne7 12.Bc4 a6 13.a4 Qd7
14.Qd2 Rfe8 15.Rad1 Nf5 16.Qd3 Rxe1+ 17.Rxe1 Ne7 18.Nd2 Kf8 19.g4
Re8 20.f3 Qc8 21.Nf1 Qa8 22.Rd1 Nd7 23.Qd2 Ng8 24.Ng3 Qd8 25.Kg2
h6 26.Nge4 Qe7 27.Bg3 Ne5 28.Be2 f5 29.Nf2 Nf6 30.f4 Ned7 31.Bf3
Nc5 32.Bh4 Qf7 33.b4 Nfe4 34.Bxe4 Nxe4 35.Nfxe4 fxe4 36.Qe3 Kg8
37.Be1 Kh7 38.Kg3 Bxc3 39.Bxc3 Bxd5 40.a5 bxa5 41.bxa5 Rf8 42.Rb1
Ba8 43.Ba1 Qc4 44.Rd1 Bb7 45.Bc3 Bc6 46.Rb1 Kg8 47.Qd4 Qxd4 48.Bxd4
Bb5 49.Re1 Re8 50.f5 Kf7 51.Be3 gxf5 52.gxf5 Bd7 53.Bxh6 Bxf5
54.Bd2 Rg8+ 55.Kf4 Ke6 56.Be3 Rg2 57.c3 Rh2 58.Kg3 Rxh3+ 59.Kg2
Rf3 60.Bd2 Rd3 61.Re2 Rd5 62.Kf2 Rxa5 63.Ke3 Rd5 64.Rg2 a5 65.Rg8
Rd3+ 66.Ke2 Kf7 67.Rg5 Kf6 68.Rg8 Bg6 69.Be1 Bh5+ 70.Kf2 Rf3+
71.Kg2 Rf5 72.Rf8+ Ke6 73.Rxf5 Kxf5 74.Kf2 a4 75.Ke3 a3 76.c4
c5 0-1